| 000 | 00579cam a2200205 a 4500 | ||
|---|---|---|---|
| 020 | _a0393020398 | ||
| 040 | _cDLC | ||
| 082 | 0 | 0 | _a813 NOR 2001 A086 Or. |
| 100 | 1 | _aTwain, Mark, | |
| 245 | 1 | 4 |
_aThe annotated Huckleberry Finn : _bAdventures of Huckleberry Finn (Tom Sawyer's comrade) / |
| 260 |
_aNew York : _bNorton, _cc2001. |
||
| 300 |
_aclxv, 480 p. : _bill., map ; _c26 cm. |
||
| 650 | 0 | _aRunaway children | |
| 650 | 0 | _aMale friendship | |
| 650 | 0 | _aFugitive slaves | |
| 650 | 0 | _aRace relations | |
| 650 | 0 | _aBoys | |
| 700 | 1 | _aHearn, Michael Patrick. | |
| 942 | _cEK | ||
| 999 |
_c12976 _d12976 |
||